The protection and decoration of concrete /

Bibliographic Details
Main Author: Toch, Maximilian, 1864-1946
Format: Book
Language:English
Published: New York : D. Van Nostrand company, 1931.
Subjects:

MARC

Tag First Indicator Second Indicator Subfields
LEADER 00000cam a2200000 4500
001 in00000025276
005 20151007061142.0
008 780428s1931 nyuf 00010 eng
010 |a  31002879  
035 |a (OCoLC)03837313 
035 |9 AAD1253AM 
040 |a DLC  |c TLM  |d TXA  |d UtOrBLW 
049 |a TXAM  |c [51772] 
050 0 0 |a TA681  |b .T6 
082 0 |a 693.5 
092 |a 691.3  |b T631p 
100 1 |a Toch, Maximilian,  |d 1864-1946. 
245 1 4 |a The protection and decoration of concrete /  |c by Maximilian Toch. 
264 1 |a New York :  |b D. Van Nostrand company,  |c 1931. 
300 |a 54 pages :  |b plates. ;  |c 20 cm. 
336 |a text  |b txt  |2 rdacontent 
337 |a unmediated  |b n  |2 rdamedia 
338 |a volume  |b nc  |2 rdacarrier 
500 |a A consideration of Portland cement concrete. 
650 0 |a Concrete construction. 
650 0 |a Portland cement. 
650 0 |a Paint. 
999 |a MARS 
999 f f |s 42a4c11d-ad12-3f22-9491-dc868ae97369  |i a62caab3-962e-3541-af26-f44988aaabf5  |t 0 
952 f f |p ric  |a Texas A&M University  |b Rellis Campus  |c Joint Library Facility  |d Remote Storage  |t 0  |e TA681 .T6  |h Library of Congress classification  |i unmediated -- volume  |m A14801138714 
998 f f |a TA681 .T6  |t 0  |l Remote Storage